Sociología.

Guardado en:
Autor Principal: Kechichian, Roberto N.
Formato: Libro
Publicado: Buenos Aires : Sainte Claire, 1999.
Materias:
Etiquetas: Agregar Etiqueta
Sin Etiquetas, Sea el primero en etiquetar este registro!
LEADER 00688nam a22002055a 4500
001 CEM.cems019098
008 220705s1999##################000#0#####d
005 20220805101351.0
003 CEMS
245 1 0 |a Sociología. 
260 |a Buenos Aires :  |b Sainte Claire,  |c 1999. 
300 |a 205 p. 
505 0 |a Ciencias sociales y sociología -- La sociedad -- Elementos de la sociedad civil -- Los grupos sociales -- Sociedad y cultura -- Nuestro tiempo -- Política y participación 
100 1 |a Kechichian, Roberto N. 
082 0 4 |a 301 
653 |a Cultura 
653 |a Grupos sociales 
653 |a Sociedad 
653 |a Sociologia 
859 |a CEMS  |b BIB. CEMS - 11 de abril  |h 301  |i K233  |p 29346.22  |t Ej.1